| 000 | 00000nam 2200000zi 4500 |
| 001 | 9.941140 |
| 003 | CaOODSP |
| 005 | 20250324101247 |
| 006 | m o d f |
| 007 | cr mn||||||||| |
| 008 | 240726e198110##onc|||| or f000 0|fre d |
| 040 | |aCaOODSP|bfre|erda|cCaOODSP |
| 043 | |an-cn--- |
| 086 | 1 |aC2-72/1981F-PDF |
| 245 | 00|aRépertoire des grands travaux d'immobilisation : |b1ère édition. |
| 246 | 13|a1ère édition : |brépertoire des grands travaux d'immobilisation |
| 264 | 1|a[Ottawa] : |bBureau des retombées industrielles et régionales, |coctobre 1981. |
| 300 | |a1 ressource en ligne (iv, 66 pages) |
| 336 | |atexte|btxt|2rdacontent/fre |
| 337 | |ainformatique|bc|2rdamedia/fre |
| 338 | |aressource en ligne|bcr|2rdacarrier/fre |
| 500 | |aTitre de la couverture. |
| 500 | |aÉdition numérisée de l'imprimé [par Innovation, sciences et développement économique Canada]. |
| 500 | |aPublié aussi en anglais sous le titre : Major capital projects inventory : issue 1. |
| 520 | |a« Ce répertoire a été dressé à partir de diverses sources d'information; cependant, toutes les données qui y figurent ont été contrôlées par au moins un des promoteurs de chacun des projets. Tous les projets qui y figurent ont été annoncés et les travaux s'y rapportant ont été amorcés ou le seront d'ici 1990 » -- Page i. |
| 650 | 6|aInvestissements de capitaux|zCanada|vRépertoires. |
| 650 | 6|aDépenses publiques|zCanada|vRépertoires. |
| 650 | 6|aProjets de développement économique|zCanada|vRépertoires. |
| 710 | 1 |aCanada. |bBureau des retombées industrielles et régionales, |eorganisme de publication. |
| 710 | 1 |aCanada. |bMinistère de l'industrie et du commerce, |eorganisme de publication. |
| 775 | 08|tMajor capital projects inventory : |w(CaOODSP)9.941135 |
| 794 | |tRépertoire des grands projets : |bdeuxième édition|w(CaOODSP)9.941156 |
| 856 | 40|qPDF|s2.06 Mo|uhttps://publications.gc.ca/collections/collection_2024/isde-ised/c2/C2-72-1981-fra.pdf |